Geometry Dash Extreme Demon Quiz - Statistics

General Stats
  • This quiz has been taken 81 times
    35 since last reset
  • The average score is 105 of 811
Answer Stats
Level Name Uploader % Correct
Bloodbath Riot
76%
Slaughterhouse IcEDCave
72%
Sonic Wave lSunix
66%
Acheron ryamu
62%
Bloodlust Knobbelboy
62%
LIMBO MindCap
62%
The Golden BoBoBoBoBoBoBo
62%
Avernus PockeWindfish
59%
Sonic Wave Infinity APTeamOfficial
59%
Yatagarasu TrusTa
59%
Firework TrickGMD
55%
Kenos npesta
55%
KOCMOC cherryteam
55%
Silent Club Luqualizer
55%
Silent clubstep TheRealSailent
55%
Tartarus ItzDolphy
55%
Abyss of Darkness Exen
52%
Cataclysm Ggb0y
52%
Red World saRy
52%
xo KrmaL
52%
Acu neigefeu
48%
Artificial Ascent ViPriN
48%
ErebuS Platnuu
48%
Erebus BoldStep
48%
Falling Up KrmaL
48%
Phobos KrmaL
48%
Sakupen Circles TDiamond
48%
Sakupen Hell TrusTa
48%
Sonic Wave Rebirth Serponge
48%
Zodiac BIANOX
48%
arcturus maxfs
45%
Black Blizzard KrmaL
45%
Conical Depression KrmaL
45%
Deimos EndLevel | ItsHybrid
45%
Digital Descent ViPriN
45%
HyperSonic ViPriN
45%
Low Death KrmaL
45%
The Yandere Dorami
45%
walter white Renn241
45%
aftermath IIExenityII
41%
Blade of Justice Manix648
41%
Kyouki Demishio
41%
Red World Rebirth Riot
41%
SubSonic ViPriN
41%
The Ultimate Phase Andromeda GMD
41%
Crimson Planet TrueOmega
38%
Devil Vortex Rustam
38%
Fexty lSkyJax
38%
Killbot BoldStep
38%
Plasma Pulse Finale Zeostar
38%
Quantum Processing Riot
38%
Renevant nikroplays
38%
Retention WOOGI1411
38%
The Hell Zone Stormfly
38%
Wasureta HelpegasuS
38%
Allegiance nikroplays
34%
Astral Divinity Knobbelboy
34%
Bausha Vortex Pennutoh
34%
Cold Sweat para
34%
Cybernetic Crescent ViPriN
34%
Delta Drakosa
34%
Delta Interface Platnuu
34%
EX MrSpaghetti
34%
Gustavo Fring Renn241
34%
Idols Zafkiel7
34%
Jesse Pinkman Renn241
34%
Keres ItsHybrid
34%
kowareta Gablor
34%
Saul Goodman Renn241
34%
The Hell Factory TeamN2
34%
A Bizarre Phantasm TeamN2
31%
AcropoliX Souls TRK
31%
Arctic Lights Metalface221
31%
ATOMIC CANNON LIEB
31%
Auditory Breaker LazerBlitz
31%
BuTiTi III JonathanGD
31%
Carnage Mode Findexi
31%
Down Bass Spectruh
31%
Fusion Z PlebKIngdom
31%
Glowy Rob Buck
31%
Hard Machine komp
31%
Hatred AZuLer4
31%
Heartbeat KrmaL
31%
HURRICANE BIANOX
31%
Plasma Pulse III Zeostar
31%
poocubed btLisp
31%
SARY NEVER CLEAR IIKugelBlitZII
31%
Shukketsu zYuko
31%
Sunset Sandstorm crohn44
31%
super probably level alkali
31%
The Hallucination SyQual
31%
The Lost Existence JonathanGD
31%
WOW TrusTa
31%
ZAPHKIEL Darwin
31%
8o X f3lixsram
28%
Artificial Ideology TeamN2
28%
Athanatos IIExenityII
28%
ATOMIC CANNON Mk II LIEB
28%
Azure Fiesta Dorami
28%
Bass Cave bloodshot
28%
Betrayal of Fate weoweoteo
28%
Codependence TCTeam
28%
Cognition EndLevel
28%
Congregation Presta
28%
CYCLONE BIANOX
28%
Dark Odyssey JonathanGD
28%
Edge of Destiny CDMusic
28%
Gamma MindCap
28%
Generic Wave Pennutoh
28%
Hyper Paracosm iIiViRuZiIi
28%
Molten Gear Knobbelboy
28%
Mystic EndLevel
28%
Necromancer T G I
28%
Nhelv SrGuillester
28%
Omega MindCap
28%
Ouroboros ViPriN
28%
PanaSonic TheShadowRealm
28%
Ragnarok Knobbelboy
28%
RUST neigefeu
28%
Sigma MindCap
28%
Stalemate Redux GdTheTactiq
28%
The Hell Bird Havok
28%
The Hell World Stormfly
28%
TROLLMACHINE TROLLM4CHINE
28%
Tunnel Akunakunn
28%
Altered Ascent Prism
24%
Armageddon Manix648
24%
Audio Extraction GoodSmile
24%
Balengu Vortex lTemp
24%
BBBBBBBBBBBBBBBBBBBB MikeWheelerFan
24%
Breakout Surv
24%
Catalyze ZephiroX
24%
Cersia Difficult Cersia
24%
Cosmic Cyclone APTeamOfficial
24%
Demonicat f3lixsram
24%
Elite Z Rebirth KrmaL
24%
Freedom08 Pennutoh
24%
Ithacropolis BIGMAC77
24%
Kuzureta Teno
24%
Lucid Nightmares CairoX
24%
NecropoliX Namtar
24%
NEUTRA Jenkins
24%
New Record lTemp
24%
no jokes theParadoxTeam
24%
Oblivion dice88
24%
Omega Interface Platnuu
24%
Omicron Team Proxima
24%
Place Spu7Nix
24%
Sigma Interface Platnuu
24%
Spectrum Cyclone lTemp
24%
Step To Hell LaZye
24%
The Art of the Blade mbed
24%
The Flawless lllRyanlll
24%
The Hell Dignity Stormfly
24%
The Hell Field Stormfly
24%
To The Stars II AeonAir
24%
Tunnel of Despair Exen
24%
Verdant Landscape ItzNisha
24%
A2Marbl Golden
21%
Akashic Records VotcHi
21%
Aronia Exen
21%
ATMarbl Pennutoh
21%
Aurora TheKris
21%
Azurite Sillow | royen
21%
Cadrega City Pennutoh
21%
Cat Planet IcEDCave
21%
Chromatic Haze Cirtrax
21%
CITRA varse
21%
Concaved Memories CairoX
21%
Deception Dive Rustam
21%
Diligence Davphla
21%
Dolos Enzeux
21%
Epsilon Team Proxima
21%
Fingerdash v3 Noriega
21%
Fragile EndLevel
21%
Freedom19 GrenadeofTacos
21%
Frozen RatQuesadilla
21%
Gunslinga Corridor SoulwaxGD
21%
Hate War Stormfly
21%
Infernal Abyss Ggb0y
21%
Just DANCE Texic
21%
Maybe Possibly Thing iNubble
21%
Mayhem LordVadercraft
21%
Prisma CooperSuper8
21%
Prismatic Haze Cirtrax
21%
Quaoar Flosia | ViPriN
21%
Requiem Zylenox
21%
Sink Awedsy
21%
Tenth Circle DeniPol
21%
The Hell Origin Stormfly
21%
troll level lexycat
21%
Twisted Tranquility Flukester
21%
Under lavaland N R G
21%
Visible Ray KrampuX
21%
Void Wave cherryteam
21%
Ziroikabi MikeWheelerFan
21%
2 1 1 SrGuillester
17%
Aerial Gleam EndLevel
17%
Alcatraz Asuith
17%
Anoxysm Lemons
17%
Arctic Arena Eclipsed
17%
Artifice f3lixsram
17%
Asmodeus Vexiion
17%
Audio Expulsion GoodSmile
17%
Awakening Horus Juhou
17%
Bang Gang Danzmen
17%
Belloq Sminx
17%
Berserk TrusTa
17%
Boogie Digitalzero
17%
Breakout Redux Waivve
17%
Broken Signal Grax
17%
BYE AlrexX
17%
Cadrega Mode TCTeam
17%
Calculator Core Walroose
17%
CholeriX shaggy23
17%
CHROMA II Renn241
17%
Digital Disarray Giron
17%
ElectroLux Zafkiel7
17%
EnvY Danzmen
17%
Ethereal Artifice Zeroya
17%
Fabrication KeiAs
17%
Factory Realm X HelpegasuS
17%
Faith ZeroSR
17%
Frozen Cave TrueParadoxTeam
17%
Glide crohn44
17%
Marathon weoweoteo
17%
Matilda the Machine Jeyzor
17%
MINUSdry CDMusic
17%
moment lexycat
17%
Mujigae YGYoshI
17%
Niflheim vismuth
17%
night party Rlol
17%
Night Rider LmAnubis
17%
niwa Teno
17%
Novalis Gryllex
17%
Paroxysm Lemons
17%
Phantasmagoria Janucha
17%
phantasmagoria whlt
17%
Quantum Dynamix GrenadeofTacos
17%
Quantum Theory herozombie80
17%
Rage nSwish
17%
Rate Demon MikeWheelerFan
17%
Shardscapes ItzKiba
17%
Shinigami cherryteam
17%
Shock Therapy Arb
17%
Shutdown OliSW
17%
Spacial Rend Eclipsed
17%
Storming Summit IINimbusII
17%
SUPERHATEMEWORLD IcEDCave
17%
The Hell Nutz TheLasaga
17%
Thinking Space Atomic
17%
Thunder Alphabet Patchimator
17%
Titan Complex TCTeam
17%
TORN Kyhros
17%
TORNADO BIANOX
17%
Triple Six Zylenox
17%
Trueffet SyQual
17%
Uprise Blad3M
17%
Violently X Dorami
17%
Volume Metalface221
17%
Welcome To GD News vortrox
17%
Widestep Demishio
17%
Zettabyte Jenkins
17%
Ziroikapi Kapinapi
17%
ABEL Dienid
14%
Annihilation Nation Zylenox
14%
Aquatic Auroras EndLevel
14%
Artificial Dream iIiViRuZiIi
14%
Atmosphere VoidSquad
14%
Awedsy sink
14%
Betrayal of Destiny Splash
14%
Black Flag NEKONGAMES
14%
Calamity Awedsy
14%
Carcano Asuith
14%
CHROMA FINALE Renn241
14%
Crystal Zeroniumm
14%
distraught alkali
14%
Edge of the Blade eiruni
14%
EKO PureDinoMight
14%
Fabricated Thoughts MaxiKD
14%
FIREPOWER Sillow
14%
FirePower MrLorenzo
14%
Galactic Shift TeamSmokeWeed
14%
Game Over SrGuillester
14%
Grill Kill MikeWheelerFan
14%
Halberd notlsa
14%
Hyper Paradox ItsHybrid
14%
Incipient Jenkins
14%
Infinite Iniquity Flukester
14%
INNARDS Kaito
14%
IthacropoliX BIGMAC77
14%
Lotus Flower StarkyTheSalad
14%
LUMINA hechie
14%
MISFIRE Galaxxyss
14%
Misty Mountains We4therMan
14%
Molten Core Janucha
14%
N0 Metalface221
14%
Napalm Marwec
14%
Occult Outcry Havok
14%
Penultimate Phase Nwolc
14%
Photovoltaic II Mazl
14%
Polish Alphabet Patchimator
14%
Promethean EndLevel
14%
Pumped Up Kicks Quiken
14%
qoUEO GhostVandalf
14%
Raindance Milos482
14%
Reanimate ilnm
14%
Removed Submission WHErwin
14%
RGB SleyGD
14%
Silentium Gradas Stormfly
14%
Sky tech Giron
14%
SPEEDRUN Kaito
14%
SUBVERSIVE Snowr33de
14%
Surge of Memories TMNGaming
14%
TANTRUM Danzmen
14%
Tapwreck MrLorenzo
14%
TeaM Z 99percent
14%
The Cellar Path JamAttack
14%
The Mainframe notlsa
14%
UltraSans PlebKIngdom
14%
UNKNOWN NineDice
14%
Untitled iiLuna
14%
untitled unmastered para
14%
VendetTa ZenThriXGD
14%
WaveBreaker Lemons
14%
Worse Trip Loltad
14%
X0 Mulpan
14%
Yuh Lfritz
14%
Abandoned Planet Metalface221
10%
Aesthetic SyQual
10%
AKIRA Eridani
10%
Ancestral Calamity MrSpaghetti
10%
Apollo 11 nasgubb
10%
Asterios Exen
10%
Aura Ka1sa
10%
Backlights kodex360
10%
Celestial Force MindCap
10%
Cersia Madness Cersia
10%
Cosmorush 21 Pennutoh
10%
Crowd Control zDeadlox
10%
cytokinesis cherryteam
10%
Dance of the Violins DrayTM
10%
Dark Flare KeiAs
10%
Dark Rivalry Flex
10%
Daybreak ZenthicAlpha
10%
Delirium Tremens Vadi
10%
DMG CTRL GhostVandalf
10%
Doop wormfodder
10%
DubKore X loogiah
10%
Esfera SyQual
10%
ETERNAL ImMaxX1
10%
Explosion EternaswipVMAX
10%
Extinction Chom
10%
Falcon16 LIEB
10%
Falling Maze YoReid
10%
Flappy Dynamix II RadiationV2
10%
Floating Maze YoReid
10%
Fragmented Cersia
10%
FRIDAY Metalface221
10%
Furious Flames Failure444
10%
GLISTEN Squizaaard
10%
Glitched Memories TCTeam
10%
GONER Nightning
10%
Hateful Reflection GD Iris
10%
Hydraulic Overdrive Xyriak
10%
Icotact IcEDCave
10%
ikaros Pavlaxan
10%
Insaction ByBoy 11
10%
Instinct ItsHybrid | Krazyman50Real
10%
Jamboree JustJohn
10%
Kappa Armadeus
10%
lezicuv Step4enko
10%
Light Travel dongchi
10%
limitless Konsi
10%
Lost Love TheBlackHell
10%
Lucid Chaos CairoX
10%
Mirrored Calamity IINimbusII
10%
Missing Benefits T G I
10%
Monstercat f3lixsram
10%
Never Beat It Metalface221
10%
Nightshade YakobNugget
10%
nowdead meowdead
10%
Omorfia HHyper
10%
Ourwa Demishio
10%
Penombre ZephiroX
10%
RANDOM ACCESS MEMORY Acute144
10%
RELENTLESS SurJaco
10%
Retention Rush TheBlackHell
10%
reverence Woom
10%
RUTHLESS SurJaco
10%
Shock Breaker Spectex
10%
SINGULARITY BIANOX
10%
Sinister Incision ItsHybrid
10%
Solar Flare Linear2
10%
sunburn pocke
10%
Surge of the Shield Geogamer12
10%
Tech Manifestation PleoSlim RMD
10%
The Antimatter BIANOX
10%
The Hell Inferno Stormfly
10%
The Rupture Ka1ns
10%
Timor ColorBolt
10%
Unearthed YakobNugget
10%
vaenstep vaen
10%
Adrenaline wapon77
7%
Anahita zYuko
7%
Ancient Travel Metalface221
7%
Anya III Anya21
7%
Aurorae GDSkele
7%
Auroral Darkness iIiViRuZiIi
7%
Ballistic Funk IronIngot
7%
Biohazard ARtu
7%
Brimtanic Paradise zYuko
7%
BROWNOIX ArtaxFerSarh
7%
cerebral hemorrhage NateFH
7%
Circuit Breaker efext
7%
COMBUSTION Cersia
7%
ConFusion DreamZoneGD
7%
ConTroller DreamZoneGD
7%
CORRODERE Moosh
7%
Critical Heat Zeniux
7%
Cromulent Relayx
7%
Damascus Dzeser
7%
DARKENED BIANOX
7%
Delebit Oblivio TeamSmokeWeed
7%
Descent Into Exile GrenadeofTacos
7%
Dimensional Breaking Dalfa
7%
Dimension Breaker BIANOX
7%
DIRECTIONS ryli06
7%
Disaster Dive Rustam
7%
Dole Damos Jeyzor
7%
doradura IvashkaUA
7%
Dusker Processing DuskerHu
7%
ECSTASY Filqh
7%
Ecstasy SleyGD
7%
Edge of the World L4TeZk
7%
Elliptic Curve Mulpan
7%
Empanadas Fugaces Looou
7%
Endless Dream DreamTide
7%
Escape Room SleyGD
7%
Esencia Zafkiel7
7%
Eternal Moment iRainstorm
7%
Exotic Energy Ellisha
7%
Faded Dream DreamTide
7%
Fog notesxd
7%
Forbidden Isle Sillow
7%
Framework Agat3
7%
Friday Vortex Cersia
7%
Frightful Melody RadiationV2
7%
GANGIMARI 64x
7%
Gang Plank Hell Metalface221
7%
Goldcrest Palace GrenadeofTacos
7%
GridLocked Eclipsed
7%
headlock pocke
7%
Heat Wave Nico99
7%
Hydratic MaxyLAND
7%
IDOL19 YouknowwhoGD
7%
i hate renn Renn241
7%
I NEVER DREAM skywalker14
7%
Jupiter My Favourite Akunakunn
7%
Knights of Thunder HangerLord
7%
Launchpad Labyrinth Moffe
7%
Le Fishe PrankOrigami
7%
Libertas WOOGI1411
7%
lodin da fish washer koko43
7%
Loochiverse Nerhy
7%
Luxtra TheGalaxyCat
7%
Macabre ZephiroX
7%
Make It Drop ryamu
7%
Malware II enlex
7%
MELTDOWN Darwin
7%
Mind Control zDeadlox
7%
Mirage Golden
7%
Myocardia Toughfey
7%
Mystic Bounds gmdmann
7%
niflhel IShardI
7%
OPSM1 varse
7%
Pagoda Seturan
7%
Pandemonium Yakimaru
7%
phosphorescent LimeTime313
7%
Poltergeist Reborn ThePrimeEvil
7%
Precipitance Extravagon
7%
RASH Loltad
7%
Ruler of Everything ASBCHazel
7%
SAND SAILOR Custi
7%
Sephiroth iRainstorm
7%
Shape of the Sun AleeXhey
7%
shimmer amplitron
7%
Shmarley Ville Renn241
7%
Sinister Silence Wahffle
7%
Skrrah VirtualCrack
7%
SnowFall Fiesta Dorami
7%
Solarion ZephiroX
7%
Sysmique Locked jakerz95
7%
Terminal Rampancy Xyriak
7%
The Lightning Rod Lavatrex
7%
The Sulphur Sea YoReid
7%
Tron FunnyGame
7%
VIRTUE varse
7%
Want Me para
7%
Warning TwisterDude161
7%
We Are Not The Same mbed
7%
Wild Rose Galaxxyss
7%
1330X ewop
3%
aether Zeptoz
3%
Air Tech Elevens
3%
Alpha Baa X Failure444
3%
Another Phase Cersia
3%
APEX StarkyTheSalad
3%
Aureole ItsXZ
3%
Based Gang Alphirox
3%
BEELINE Galaxxyss
3%
Beyond Hell fakeblast
3%
Caution JustaGDplay3r
3%
ChopStep GiaMmiX
3%
cloudscape DivideNick
3%
Cluttered Confusion Enfur
3%
Coolie Mazie Paloozi Akunakunn
3%
Coral Cave awesomeme360
3%
court circuit Fafenel
3%
CRIDIUM 4yoet
3%
Daydream Yendis
3%
Decay KiwiPenguin
3%
Dedohexdragon royen
3%
Disentombed YakobNugget
3%
Dismay ewop
3%
Disruption Ka1sa
3%
Dump GiggsRH
3%
Duplication Zeptoz
3%
Edelweiss hexitine
3%
EGO KILLING exactteam
3%
Empyrean Kivvvi
3%
Evangelion Yoonsr
3%
EXPLICIT waturn
3%
Fever Dream IcEDCave
3%
FIFTY THREE Vlacc
3%
FinKor Mulpan
3%
Free For All 2 Pennutoh
3%
Frenzy Whippie37
3%
FusionDynamix TwisterDude161
3%
Future Chaos neoraptor
3%
gardening map kalculus19
3%
GewErbiX Wintter
3%
Glacial Torrent Nelll
3%
Golden Club GDZenmuron
3%
Gracefully NindyBK
3%
Heart Attack Derpskull
3%
Helios Canonlaw
3%
Hidden in the Sand ASBCHazel
3%
i hate you AlrexX
3%
inanimate INSANITY handsomeorange
3%
Incandescent Kapinapi
3%
Inflective Mojitoz
3%
Instant Execution Plexidit
3%
Iris of a Puppeteer EternaswipVMAX
3%
Karma ARtu
3%
Kinetic Bypass Sminx
3%
laranja azul rosa shmigels
3%
Last Station PikaSempai
3%
Last Stop Cejelost
3%
Lateral Myst Bedrock
3%
Le Midd Mapperoonies Akunakunn
3%
loop Darmuth
3%
MadMansion GunnerBones
3%
Malevolent Maelstrom Aimbotter2123
3%
Mandragora GD ParaDoX
3%
Manic Machine TwisterDude161
3%
Mecha Mayhem DreamEater
3%
memories ImMaxX1
3%
memories III the4n1ma
3%
Metalic Destruction Akunakunn
3%
me when machine gang Akunakunn
3%
MINIMUM Insidee
3%
Miscellaneous Memory Enfur
3%
Molten Mercury ItsHybrid
3%
My Worst Demon Level Mulpan
3%
neighborhood Wyntaee
3%
Neon Skyline reshiria
3%
network VanDerVals
3%
NIGHTLIGHTS ryli06
3%
Novasphere NeyvaShift
3%
On1y Cub3 DrCuber
3%
OOPZ Insidee
3%
Our Fountain LP44
3%
Overlord Kohtpojiep
3%
Overtime KlaurosssS
3%
Paralysis thazm
3%
PLUS ULTRA Cancel
3%
Pound Town Platnuu
3%
Proteus SpergQuos
3%
PROTOFLICKER ewop
3%
QDYNAMIX Valentlne
3%
Reflective Mojitoz
3%
REPENTLESS Renn241
3%
robotchief exposal Madeliene
3%
RTX ON TypicalGMD
3%
Ryft DreamLightGD
3%
sarthix Zeptrus
3%
Sazerix Zeptrus
3%
SECTOR 19 Sillow
3%
SHATTER efext
3%
SIGSEGV Sminx
3%
Silentium Clavas Xolarzz
3%
SL8O mbedsun
3%
Sparkling MzeroGD
3%
Spectrum Rave Ryder
3%
Static Ignition Magmeta
3%
Stellaluna SamMaxx
3%
STICKS FOR BONES koko43
3%
Stygian Machinery TeamE12
3%
Supercharged TheRealWeenside
3%
Synergy Vlacc
3%
SZYSLAK Zeniux
3%
Tempered Steel ItsHybrid
3%
Tenebris Mulpan
3%
Terminux Aerae
3%
TerrorCore loogiah
3%
TheCinnyBun Cinny
3%
The Moon Below Onvil
3%
The Reaper Kyhros
3%
Thorny Path Konsi
3%
Torgue Ryder
3%
Totem Kivvvi
3%
Trotil cherryteam
3%
Twilight zYuko
3%
ULTRA VIOLET HVyper
3%
Up and Down Lykoz
3%
Vignette fCrouley
3%
Virtual Collapse TeamUprising
3%
Voltage Hypno74
3%
Wacky McWhackface v2 Szilu
3%
Wind Storm Aimbotter2123
3%
Xronier zJinoBeats
3%
xuser morelike luser Akunakunn
3%
XxXxXxXxXxX Awesomeme360
3%
Zenith HJfod
3%
4Elements royen
0%
4ucked Up LordeQuacc
0%
Acrozis Renedi
0%
Advanced AirStream iObsidion
0%
Agen Wida Unbipentium
0%
Aksion Imjum
0%
ameliorate maxis044
0%
any percent Awesomeme360
0%
Apparition Annon
0%
ASHES xHeiDax
0%
AUX cord cordeaux
0%
Barbaros Finale Moffe
0%
Betelgeuse Zanna83
0%
Bitcrusher SleyGD
0%
Blue Suns Zenith IceboxOG
0%
BRKMGB8GJCZ robotchief
0%
burn to dust crazyllama
0%
BuZzKiLl Gablor
0%
Callisto L4TeZk
0%
Carbon Waffl3X
0%
Castling Meroo
0%
cave of heart ImMaxX1
0%
Cerebral Torment SirPotatOwO
0%
Chub Chub EnTrix23
0%
Collect All Pets Rynoxiouss
0%
Complementary Cruise Hero3210
0%
corrupted volume CraftedKing
0%
Cosmic Cluster AlrexX
0%
Crippled Depression NateFH
0%
Curie kedavra
0%
Cyberstorm ThatJack
0%
Dance Til Dawn fourtex
0%
Ddiamond Lfritz
0%
Deflective Mojitoz
0%
DESOLATE Billzer
0%
Devils Disco SoDaZ
0%
devoid ryli06
0%
Disastrous Downpour kodex360
0%
Dismal Duststorm Multiverse55
0%
Draco Meteor AgarOther
0%
Dream City xSledgehammer
0%
Dreams Kapycta999
0%
Dualies Gablor
0%
Dumbest Girl Alive Renn241
0%
Effect II MrSupremeGD
0%
Eleos SeptaGon7
0%
ELLIPSISM Swib
0%
EMPTINESS Arsid
0%
EnCrypted Blaster1337
0%
Endurance Bizaare
0%
Enlightened memories nyseoul
0%
Entropy St1ngGD
0%
eternal entropy ProGGCyrus
0%
Ethereal Entity 8BitFudge
0%
Evil Depths LengthyRat
0%
Excruciation Chamber spcreat
0%
FAULTY CODE TheRealXFuture
0%
Fellow Phobia rkyde
0%
Ferrum Frenzy Xinpa
0%
FISH FISH GODMODE whoiskeve
0%
Flyway PlayerHungry
0%
Gaming Polarbeahr
0%
Gentlemens Clique Alphirox
0%
GEODE ImMaxX1
0%
Graphite World GangstaSpongebo
0%
Heavens Door TMco
0%
HELIX LGgd
0%
help llertt
0%
High Heat BiBox
0%
Horros Shrc
0%
ILOVECYAN AVRG
0%
IMAPHONE Azuvy
0%
Impasse henryDS
0%
INFLAMMABLE INFUSION vonic
0%
INTO PETALS S3BATRONIC
0%
iridium spark
0%
JeonGi Lebi06
0%
KINGSLAYER motheye
0%
KUB WaRiox
0%
La Cueva ilnm
0%
Lights Out dashiell10
0%
Lonely Lights Elvii
0%
Loose Screws Aeyooo
0%
maddening shmigels
0%
Masochism Xinpa
0%
Metal Requiem CairoX
0%
miss you shmigels
0%
Mjolnir iHermes
0%
MONSTROSITY Snarlax523
0%
Motorbreath TwisterDude161
0%
Neon Guts doneditboye
0%
NeRUaL Moffer
0%
NetzWerk Teno
0%
Nightmare Chasm Zeptoz
0%
Ninobytte PikaSempai
0%
Nunri Szilu
0%
of Ambrosia Renn241
0%
OneAttempt TheRealXFuture
0%
Out of Chaos MannyHeffley
0%
PAINFUL PLAYLAND TwisterDude161
0%
Party Rock Anthem Awesomeme360
0%
Pictured as Perfect tenzk
0%
Pingas21 raixe
0%
Pitfall Caverns Meloo
0%
Polygonal Paradox Hypno74
0%
Power Grid YraX
0%
Psychotic ch4rlie03
0%
pulsation SpranktonGD
0%
PURE VALE Custi
0%
Raisins Airzyy
0%
Realtered Elevens
0%
Recrystallize GrenadeofTacos
0%
reeses potentially SubStra
0%
Reunite GDSkele
0%
Robi robianny
0%
rosedynamix rwse
0%
ruber cash 22 koko43
0%
Sapphire Angel EternaswipVMAX
0%
Semicolon 3 TheRealXFuture
0%
Sephtis deThe
0%
Shibui Xanii
0%
Shimmering Chamber Devilmine
0%
Shotgun SpinStudios
0%
Showdown clncrvl
0%
Sides Of My Mind MaxxoRMeN
0%
Sky Shredder dorvict
0%
Snowdrift Bratki
0%
Snowfall Storm notGed
0%
Solstice swoli
0%
SorryForPartyRocking Awesomeme360
0%
Spectrum Split Addsomething
0%
Spirit House ElectriDark
0%
Springtime VigorousGard3n
0%
stand in the snow Arkki
0%
super kontik vARIKOZ
0%
SUPERMAYOHATECLUB nabbbbbb
0%
Swarm iusefakeweights
0%
Tempest Tornado ColorBolt
0%
Tesseract Force Edooox
0%
The First fusion425
0%
The Tears Beneath IFFFFFFFFFFFF
0%
the wiener Rynoxiouss
0%
Thunderzone Cersia
0%
Time Pulse Xinpa
0%
Torsion Raivolt
0%
To The Blue Moon vRidge
0%
To the Exosphere Vizitek
0%
TREMORS thazm
0%
Triadic Trials Hero3210
0%
TRIANGULAR zNickname
0%
TUAPEKA Feijoaoa
0%
Turbulent Valley TwisterDude161
0%
Twilight Coexistence NesiaL
0%
U235 oleki
0%
Universe on fire Tim1K
0%
Unknown Civilization TheRealPeng
0%
Uplink SkylarkyXD
0%
Vacant BuiltInMacro
0%
verisimilitude whlt
0%
Virtual Stigmata Xepheron
0%
Vivacious skzyl
0%
Vociferous Renn241
0%
Voided JustXSoos
0%
Voltaic AAAAAlex
0%
Welcome to your mind purplegalaxy
0%
White Noise Squizaaard
0%
Wintertime VigorousGard3n
0%
Witching Hour ZoinkDoink
0%
wtf uhEllyza
0%
Xeriscape GeoNoRway
0%
YeeSangHaeYo Kai316
0%
Zinhwa MaLiaN
0%
No matching quizzes found
Score Distribution
Percent of People with Each Score
Percentile by Number Answered
Your Score History
You have not taken this quiz since the last reset